Most Super Bowl Rushing Yards - Statistics

General Stats
  • This quiz has been taken 1,466 times
  • The average score is 7 of 10
Answer Stats
Team Super Bowl Answer Yards % Correct
COWBOYS XXVIII Emmitt Smith 132
96%
REDSKINS XXII Timmy Smith 204
96%
RAIDERS XI Clarence Davis 137
84%
BRONCOS XXXII Terrell Davis 157
84%
RAIDERS XVIII Marcus Allen 191
81%
STEELERS IX Franco Harris 158
80%
BILLS XXV Thurman Thomas 135
75%
REDSKINS XVII John Riggins 166
69%
DOLPHINS VIII Larry Csonka 145
62%
BUCCANEERS XXXVII Michael Pittman 124
15%
No matching quizzes found
Score Distribution
Percent of People with Each Score
Percentile by Number Answered
Your Score History
You have not taken this quiz